ARRUPE JESUIT UNIVERSITY

CORONAVIRUS -STOP THE SPREAD - CLEAN,DISINFECT,COVER

Topics in West African history / (Record no. 126262)

MARC details
000 -LEADER
fixed length control field 01022nam a2200313 a 4500
001 - CONTROL NUMBER
control field 2429816
003 - CONTROL NUMBER IDENTIFIER
control field ARRUPE
005 - DATE AND TIME OF LATEST TRANSACTION
control field 20170309142001.0
008 - FIXED-LENGTH DATA ELEMENTS--GENERAL INFORMATION
fixed length control field 880224s1986 enka b 001 0 eng
010 ## - LIBRARY OF CONGRESS CONTROL NUMBER
LC control number 87176011
020 ## - INTERNATIONAL STANDARD BOOK NUMBER
International Standard Book Number 058258504X (pbk.)
040 ## - CATALOGING SOURCE
Original cataloging agency DLC
Transcribing agency DLC
Modifying agency DLC
043 ## - GEOGRAPHIC AREA CODE
Geographic area code fw-----
050 00 - LIBRARY OF CONGRESS CALL NUMBER
Classification number DT475
Item number .B63 1986
082 00 - DEWEY DECIMAL CLASSIFICATION NUMBER
Classification number 966
Edition number 19
300 ## - PHYSICAL DESCRIPTION
Other physical details ill. ;
Dimensions 23 cm.
100 1# - MAIN ENTRY--PERSONAL NAME
Personal name Boahen, A. Adu.
9 (RLIN) 26351
245 10 - TITLE STATEMENT
Title Topics in West African history /
Statement of responsibility, etc Adu Boahen with J.F. Ade Ajayi and Michael Tidy.
250 ## - EDITION STATEMENT
Edition statement 2nd ed.
260 ## - PUBLICATION, DISTRIBUTION, ETC. (IMPRINT)
Place of publication, distribution, etc Burnt Mill, Harlow, Essex, England :
Name of publisher, distributor, etc Longman Group,
Date of publication, distribution, etc 1986.
300 ## - PHYSICAL DESCRIPTION
Extent vi, 202 p. :
500 ## - GENERAL NOTE
General note Includes index.
504 ## - BIBLIOGRAPHY, ETC. NOTE
Bibliography, etc Bibliography: p. 197-198.
651 #0 - SUBJECT ADDED ENTRY--GEOGRAPHIC NAME
Geographic name Africa, West
General subdivision History
Chronological subdivision To 1884.
9 (RLIN) 29270
651 #0 - SUBJECT ADDED ENTRY--GEOGRAPHIC NAME
Geographic name Africa, West
General subdivision History
Chronological subdivision 1884-1960.
9 (RLIN) 29271
651 #0 - SUBJECT ADDED ENTRY--GEOGRAPHIC NAME
Geographic name Africa, West
General subdivision History
Chronological subdivision 1960-
9 (RLIN) 29272
700 1# - ADDED ENTRY--PERSONAL NAME
Personal name Ajayi, J. F. Ade.
9 (RLIN) 3821
700 1# - ADDED ENTRY--PERSONAL NAME
Personal name Tidy, Michael.
9 (RLIN) 29273
906 ## - LOCAL DATA ELEMENT F, LDF (RLIN)
a 7
b cbc
c orignew
d 3
e ncip
f 19
g y-gencatlg
942 ## - ADDED ENTRY ELEMENTS (KOHA)
Source of classification or shelving scheme Library of Congress Classification
Koha item type Monograph ( Printed materials)
Holdings
Withdrawn status Lost status Source of classification or shelving scheme Damaged status Not for loan Collection code Home library Current library Shelving location Date acquired Total Checkouts Full call number Barcode Date last seen Date checked out Price effective from Koha item type
    Library of Congress Classification     Main Collection ARRUPE LIBRARY ARRUPE LIBRARY Main Collection 09/03/2017 10 DT475 .B63 1986 46500025612 19/10/2021 22/10/2020 09/03/2017 Monograph ( Printed materials)

 

Arrupe Library. PO Box MP320 Mt Pleasant, Harare, Zimbabwe
263 242 745411|librarian@aju.ac.zw